Statistics for 2019 NFL Playoff Teams

Click here to take the quiz!

General Stats

  • This quiz has been taken 36 times
  • The average score is 11 of 12

Answer Stats

ConferenceSeedingTeam% Correct
AFC#3New England Patriots
97%
NFC#3New Orleans Saints
97%
AFC#4Houston Texans
93%
AFC#2Kansas City Chiefs
93%
NFC#5Seattle Seahawks
93%
AFC#1Baltimore Ravens
87%
NFC#2Green Bay Packers
87%
NFC#6Minnesota Vikings
87%
NFC#4Philadelphia Eagles
87%
NFC#1San Francisco 49ers
87%
AFC#5Buffalo Bills
80%
AFC#6Tennessee Titans
80%

Score Distribution

Percentile by Number Answered

Percent of People with Each Score

Your Score History

You have not taken this quiz